|
|
|
|
| LEADER |
00000nam a2200000 a 4500 |
| 001 |
vtls008839023 |
| 003 |
SK-MaSNL |
| 005 |
20260426011843.0 |
| 008 |
240318s2006 xo f l 000 0 slo |
| 015 |
|
|
|a SNBI2006/04-01003
|
| 020 |
|
|
|a 8088984890
|q (viaz.)
|
| 035 |
|
|
|a urn:nbn:sk:snk-am00a0gz
|
| 035 |
|
|
|a urn:nbn:sk:snk-am3hc6u
|
| 035 |
|
|
|a 739C13FC-FAEC-4E84-B7C7-862AF3C04C83
|
| 040 |
|
|
|a SNK
|b slo
|c SNK
|e AACR2
|
| 041 |
0 |
|
|a slo
|
| 043 |
|
|
|a e-xo---
|
| 044 |
|
|
|a xo
|c SK
|
| 072 |
|
7 |
|a 347.9
|x Občianske súdne konanie. Súdnictvo
|2 konspekt
|
| 080 |
|
|
|a 347.918
|2 2001
|
| 080 |
|
|
|a 347.952
|2 2001
|
| 080 |
|
|
|a 351.95
|2 2001
|
| 080 |
|
|
|a (437.6)
|2 2001
|
| 080 |
|
|
|a (094.5)
|2 2001
|
| 080 |
|
|
|a 347.9
|2 2001
|
| 100 |
1 |
|
|a Krajčo, Jaroslav
|4 aut
|9 8039
|
| 245 |
1 |
0 |
|a Občiansky súdny poriadok
|n II. diel
|p Súvisiace predpisy
|c Jaroslav Krajčo a kolektív
|
| 250 |
|
|
|a 4. aktualizované vyd.
|
| 260 |
|
|
|a Bratislava
|b Eurounion
|c 2006
|
| 300 |
|
|
|a S. 817-1288
|c 24 cm
|
| 650 |
0 |
7 |
|a občianske súdne konanie
|2 SNKPH
|9 2671
|
| 650 |
0 |
7 |
|a arbitráž
|2 SNKPH
|9 49986
|
| 650 |
0 |
7 |
|a exekúcie
|2 SNKPH
|9 2225
|
| 650 |
0 |
7 |
|a správne súdnictvo
|2 SNKPH
|9 69719
|
| 651 |
|
7 |
|a Slovensko
|2 SNKPH
|9 14231
|
| 655 |
|
7 |
|a právne predpisy
|2 SNKPH
|9 70481
|
| 700 |
1 |
|
|a Čierna, Agneša
|4 aut
|9 459046
|
| 700 |
1 |
|
|a Hanzelová, Ida
|4 aut
|9 10598
|
| 700 |
1 |
|
|a Sučanská, Daniela
|4 aut
|9 534586
|
| 700 |
1 |
|
|a Šváby, Daniel
|4 aut
|9 403717
|
| 919 |
|
|
|a 80-88984-89-0
|
| 999 |
|
|
|c 1082065
|d 1083995
|
| 952 |
|
|
|a SNK
|b SNK
|y PREZ
|7 0
|p 17A0517148
|o snkSC 124499/2
|i snk2006/16138
|8 0
|0 0
|1 0
|4 0
|d 2006-08-15
|f 1
|l 0
|r 2025-06-06 00:00:00
|w 2026-02-24
|
| 952 |
|
|
|a SNK
|b SNK
|y VYP
|7 0
|p 17A0517149
|o snkSC 124499/2 D1
|i snk2006/16139
|8 0
|0 0
|1 0
|4 0
|d 2006-08-15
|l 0
|r 2026-02-24 16:28:49
|w 2026-02-24
|